| 000 | 00480nam a22001697a 4500 | ||
|---|---|---|---|
| 003 | BD-DhUL | ||
| 005 | 20190213160933.0 | ||
| 008 | 190213s1965 pk ||||| |||| 000 0 urd d | ||
| 040 |
_aBD-DhUL _cBD-DhUL |
||
| 082 |
_a891.433 _bYUH |
||
| 100 | 3 | _aیوسف بخاری دہلوی۔ | |
| 245 | 0 |
_aھماری پہیلیاں / _cیوسف بخاری دہلوی۔ |
|
| 246 | _aHamari Paheliyan. | ||
| 300 | _aص۔ ۴۶۷ ؛ ۲۲ سم۔ | ||
| 650 | 4 | _aUrdu fiction. | |
| 942 |
_2ddc _cBK |
||
| 999 |
_c246191 _d246191 |
||